La Nit just abans dels boscos / Bernard-Marie Koltès ; traducció de Sergi Belbel ; pròleg de Carles Batlle
Descripción Física:
63 p. ; 18 cm
Colección:
Biblioteca teatral ; 81
MARC
| LEADER | 00000nam a2200000Ia 4500 | ||
|---|---|---|---|
| 001 | 10425 | ||
| 008 | 160829s1993 xx 000 0 cat d | ||
| 080 | |a L-1-266 | ||
| 100 | |a Koltès, Bernard-Marie |9 27026 | ||
| 245 | |a La Nit just abans dels boscos / Bernard-Marie Koltès ; traducció de Sergi Belbel ; pròleg de Carles Batlle | ||
| 260 | |a Barcelona : |b Institut del Teatre. Diputació de Barcelona, |c 1993 | ||
| 300 | |a 63 p. ; |c 18 cm | ||
| 490 | |a Biblioteca teatral ; 81 | ||
| 700 | |a Belbel, Sergi, |d 1963- |e traductor |9 35428 | ||
| 700 | |a Batlle, Carles, |d 1963- |e editor literari |9 53570 | ||
| 710 | 1 | |a Institut del Teatre (Barcelona, Catalunya) |9 52662 | |
| 901 | |a Arxiu | ||
| 942 | |n 1 |2 udc | ||
| 952 | |0 0 |1 0 |4 0 |6 L1266 |7 1 |9 44246 |a Arxiu |b Arxiu |d 2016-12-01 |l 0 |o L-1-266 |p 10425 |r 2016-12-01 00:00:00 |w 2016-12-01 |y ARXIU | ||
| 999 | |c 46826 |d 46826 | ||